Legionnaires' disease (Record no. 115204)

MARC details
000 -LEADER
fixed length control field 01515cad a22002655a 4500
001 - CONTROL NUMBER
control field L1582121
008 - FIXED-LENGTH DATA ELEMENTS--GENERAL INFORMATION
fixed length control field 141015s2014 xxk f 000 0 eng d
035 ## - SYSTEM CONTROL NUMBER
System control number (Sirsi) u158212
041 0# - LANGUAGE CODE
Language code of text/sound track or separate title eng
110 2# - MAIN ENTRY--CORPORATE NAME
Corporate name or jurisdiction name as entry element Great Britain
Subordinate unit Health and Safety Executive
245 00 - TITLE STATEMENT
Title Legionnaires' disease
Remainder of title Technical guidance Part 3 The Control of Legionella bacteria in hot and cold water systems
Medium [electronic resource]
260 ## - PUBLICATION, DISTRIBUTION, ETC.
Place of publication, distribution, etc. London
Name of publisher, distributor, etc. HSE
Date of publication, distribution, etc. 2014
490 #0 - SERIES STATEMENT
Series statement HSG274
520 ## - SUMMARY, ETC.
Summary, etc. Part 3 of a three part series offering practical advice on the legal requirements of the Health and Safety at Work etc Act 1974, the Control of Substances Hazardous to Health Regulations 2002 concerning the risk from exposure to legionella and guidance on compliance with the relevant parts of the Management of Health and Safety at Work Regulations 1999. Looks at control of Legionella bacteria in risk situations where evaporative cooling systems and hot and cold water systems are not used. For Part 1 see L158210 and for Part 3 see L158211.
590 ## - LOCAL NOTE (RLIN)
Local note KA
650 24 - SUBJECT ADDED ENTRY--TOPICAL TERM
Topical term or geographic name entry element LEGIONNAIRES' DISEASE
650 24 - SUBJECT ADDED ENTRY--TOPICAL TERM
Topical term or geographic name entry element RISK
650 24 - SUBJECT ADDED ENTRY--TOPICAL TERM
Topical term or geographic name entry element HEALTH AND SAFETY AT WORK ETC ACT 1974
650 24 - SUBJECT ADDED ENTRY--TOPICAL TERM
Topical term or geographic name entry element CONTROL OF SUBSTANCES HAZARDOUS TO HEALTH REGULATIONS 2002
650 24 - SUBJECT ADDED ENTRY--TOPICAL TERM
Topical term or geographic name entry element MANAGEMENT OF HEALTH AND SAFETY AT WORK REGULATIONS 1999
651 #4 - SUBJECT ADDED ENTRY--GEOGRAPHIC NAME
Geographic name United Kingdom
Chronological subdivision
690 ## - LOCAL SUBJECT ADDED ENTRY--TOPICAL TERM (OCLC, RLIN)
Topical term or geographic name as entry element Health and safety
9 (RLIN) 6244
856 40 - ELECTRONIC LOCATION AND ACCESS
Uniform Resource Identifier <a href="https://www.hse.gov.uk/pubns/priced/hsg274part3.pdf">https://www.hse.gov.uk/pubns/priced/hsg274part3.pdf</a>
Public note View the item free of charge from the www.hse.gov.uk website
942 ## - ADDED ENTRY ELEMENTS (KOHA)
Suppress in OPAC 0
Holdings
Withdrawn status Lost status Source of classification or shelving scheme Damaged status Not for loan Home library Current library Shelving location Date acquired Total Checkouts Full call number Barcode Date last seen Copy number Price effective from Koha item type
    Dewey Decimal Classification     Virtual Virtual Online 15/10/2014   ONLINE PUBLICATION 158212-2001 06/08/2019 1 06/08/2019 Book